Redundant farm buildings - problems and opportunities (Record no. 33686)

MARC details
000 -LEADER
fixed length control field 01142cab a2200217 4500
001 - CONTROL NUMBER
control field ABS45796
008 - FIXED-LENGTH DATA ELEMENTS--GENERAL INFORMATION
fixed length control field 090401t1992 xxu||||| |||| 00| 0 eng d
035 ## - SYSTEM CONTROL NUMBER
System control number (Sirsi) u55094
041 ## - LANGUAGE CODE
Language code of text/sound track or separate title eng
100 ## - MAIN ENTRY--PERSONAL NAME
Personal name Harvey, N.
245 ## - TITLE STATEMENT
Title Redundant farm buildings - problems and opportunities
260 ## - PUBLICATION, DISTRIBUTION, ETC.
Date of publication, distribution, etc. 1992
350 ## - PRICE (NR) (BK AM CF MU VM SE) [OBSOLETE]
Price 0
490 ## - SERIES STATEMENT
Series statement Journal of the Royal Agricultural Society of England
Volume/sequential designation 152 1992, 47-56(6)
520 ## - SUMMARY, ETC.
Summary, etc. Though precise figures are unavailable, there are perhaps over 600,000 pre- Twentieth Century farm building in England and Wales which may be regarded as redundant. Obsolescence of buildings is not a new phenomenon, but as the pace of change has increased, older buildings have acquired an aesthetic and historical importance which is more widely recognised now than hitherto. Consequently, issues of maintenance, planning, re-use, and conversion are more problematic. The range of these problems is explored in the article along with the management options available to property owners.
650 ## - SUBJECT ADDED ENTRY--TOPICAL TERM
Topical term or geographic name entry element FARM BUILDINGS
650 ## - SUBJECT ADDED ENTRY--TOPICAL TERM
Topical term or geographic name entry element REDUNDANT
690 ## - LOCAL SUBJECT ADDED ENTRY--TOPICAL TERM (OCLC, RLIN)
Topical term or geographic name as entry element RURAL PRACTICE
942 ## - ADDED ENTRY ELEMENTS (KOHA)
Suppress in OPAC 0
948 ## - LOCAL PROCESSING INFORMATION (OCLC); SERIES PART DESIGNATOR (RLIN)
c (OCLC) 04/03/1997
Holdings
Withdrawn status Lost status Source of classification or shelving scheme Damaged status Not for loan Home library Current library Shelving location Date acquired Total Checkouts Full call number Barcode Date last seen Copy number Price effective from Koha item type
    Dewey Decimal Classification     London London Journal article 14/09/1999   ABS45796 55094-1001 06/08/2019 1 06/08/2019 Journal article